2025 NCAA College Football Stadiums Quiz - Statistics

General Stats
  • This quiz has been taken 115 times
  • The average score is 53 of 136
Answer Stats
Stadium Answer % Correct
Alaska Airlines Field at Husky Stadium Washington
80%
Kyle Field Texas A&M
78%
Alamodome UTSA
78%
Arizona Stadium Arizona
77%
Allegiant Stadium UNLV
76%
Beaver Stadium Penn State
75%
Cajun Field Louisiana-Lafayette
73%
Hard Rock Stadium Miami
73%
Michigan Stadium Michigan
73%
Ohio Stadium Ohio State
73%
Delaware Stadium Delaware
72%
Tiger Stadium LSU
72%
Notre Dame Stadium Notre Dame
72%
California Memorial Stadium California
71%
Navy-Marine Corps Memorial Stadium Navy
71%
Gaylord Family Oklahoma Memorial Stadium Oklahoma
71%
Acrisure Stadium Pittsburgh
71%
Stanford Stadium Stanford
71%
Los Angeles Memorial Coliseum USC
71%
Saban Field at Bryant-Denny Stadium Alabama
70%
Spartan Stadium Michigan State
70%
Rice Stadium Rice
70%
Rose Bowl Stadium UCLA
70%
Frank Howard Field at Clemson Memorial Stadium Clemson
69%
Autzen Stadium Oregon
69%
Neyland Stadium Tennessee
69%
Acrisure Bounce House UCF
69%
Camp Randall Stadium Wisconsin
69%
Steve Spurrier-Florida Field at Ben Hill Griffin Stadium Florida
67%
Bobby Bowden Field at Doak S. Campbell Stadium Florida State
66%
David Booth Kansas Memorial Stadium Kansas
66%
Raymond James Stadium USF
66%
Darrell K Royal-Texas Memorial Stadium Texas
64%
Frank Broyles Field at Donald W. Reynolds Razorback Stadium Arkansas
63%
Sanford Stadium Georgia
63%
Northwestern Medicine Field at Martin Stadium Northwestern
63%
Lincoln Financial Field Temple
63%
Albertsons Stadium Boise State
60%
Mountaineer Field at Milan Puskar Stadium West Virginia
59%
Pat Dye Field at Jordan-Hare Stadium Auburn
58%
Kinnick Stadium Iowa
57%
SHI Stadium Rutgers
55%
Aggie Memorial Stadium New Mexico State
53%
JMA Wireless Dome Syracuse
53%
Folsom Field Colorado
52%
Bill Snyder Family Football Stadium Kansas State
51%
Falcon Stadium Air Force
49%
UB Stadium Buffalo
49%
Kroger Field at CM Newton Grounds Kentucky
49%
LaVell Edwards Stadium BYU
46%
Boone Pickens Stadium Oklahoma State
46%
Sun Bowl Stadium UTEP
46%
Bobby Dodd Stadium at Hyundai Field Georgia Tech
45%
Faurot Field at Memorial Stadium Missouri
45%
Williams-Brice Stadium South Carolina
45%
Jones AT&T Stadium Texas Tech
45%
Tom Osborne Field at Memorial Stadium Nebraska
43%
Gerald J. Ford Stadium SMU
41%
Rice-Eccles Stadium Utah
41%
Pitbull Stadium Florida International
40%
Wayne Day Family Field at Carter-Finley Stadium NC State
40%
Snapdragon Stadium San Diego State
40%
Blaik Field at Michie Stadium Army
39%
Ross-Ade Stadium Purdue
37%
Glass Bowl Toledo
36%
Worsham Field at Lane Stadium Virginia Tech
36%
Huntington Bank Stadium Minnesota
35%
Vaught-Hemingway Stadium at Hollingsworth Field Ole Miss
35%
Brooks Stadium Coastal Carolina
34%
Jack Trice Stadium Iowa State
34%
Brigham Field at Huskie Stadium Northern Illinois
34%
Benson Field at Yulman Stadium Tulane
34%
Nippert Stadium Cincinnati
33%
InfoCision Stadium — Summa Field Akron
31%
John O'Quinn Field at Space City Financial Stadium Houston
31%
Brooks Field at Wallace Wade Stadium Duke
30%
Clarence TC Ching Athletics Complex Hawai'i
30%
Memorial Stadium Indiana
30%
Reser Stadium Oregon State
30%
Alumni Stadium Boston College
28%
McLane Stadium Baylor
27%
Memorial Stadium Illinois
27%
Simmons Bank Liberty Stadium Memphis
27%
Merlin Olsen Field at Maverik Stadium Utah State
27%
Amon G. Carter Stadium TCU
25%
Davis Wade Stadium at Scott Field Mississippi State
24%
Kenan Stadium North Carolina
24%
Kidd Brewer Stadium Appalachian State
23%
SECU Stadium Maryland
23%
Frank Kush Field at Mountain America Stadium Arizona State
22%
Center Parc Stadium Georgia State
22%
Howard Schnellenberger Field at Flagler Credit Union Stadium Florida Atlantic
20%
McColl-Richardson Field at Jerry Richardson Stadium Charlotte
19%
L&N Federal Credit Union Stadium Louisville
19%
Protective Stadium UAB
19%
David A. Harrison III Field at Scott Stadium Virginia
19%
Bagwell Field at Dowdy-Ficklen Stadium East Carolina
18%
Rynearson Stadium Eastern Michigan
18%
Fifth Third Stadium Kennesaw State
18%
Dix Stadium Kent State
18%
FirstBank Stadium Vanderbilt
18%
Allegacy Federal Credit Union Stadium Wake Forest
18%
Jonah Field at War Memorial Stadium Wyoming
18%
Sonny Lubick Field at Canvas Stadium Colorado State
17%
Fred C. Yager Stadium Miami
17%
DATCU Stadium North Texas
17%
Allen E. Paulson Stadium Georgia Southern
16%
Bridgeforth Stadium James Madison
16%
Frank Solich Field at Peden Stadium Ohio
16%
Pratt & Whitney Stadium at Rentschler Field UConn
16%
Martin Stadium Washington State
16%
Kramer/Deromedi Field at Kelly/Shorts Stadium Central Michigan
14%
Johnny "Red" Floyd Stadium Middle Tennessee
13%
Hancock Whitney Stadium South Alabama
13%
Doyt L. Perry Stadium Bowling Green
12%
Joan C. Edwards Stadium Marshall
12%
Carlisle-Faulkner Field at MM Roberts Stadium Southern Miss
12%
Warren McGuirk Alumni Stadium UMass
12%
Houchens Industries-LT Smith at Jimmy Feix Field Western Kentucky
12%
Valley Children's Stadium Fresno State
11%
Malone Stadium Louisiana-Monroe
11%
Kornblau Field at SB Ballard Stadium Old Dominion
11%
Waldo Stadium Western Michigan
11%
Arthur L. Williams Stadium Liberty
10%
Elliott T. Bowers Stadium Sam Houston
10%
CEFCU Stadium San Jose State
10%
Centennial Bank Stadium Arkansas State
8%
Burgess-Snow Field at AmFirst Stadium Jacksonville State
8%
Joe Aillet Stadium Louisiana Tech
8%
Robert W. Plaster Stadium Missouri State
8%
Mackay Stadium Nevada
8%
Skelly Field at H.A. Chapman Stadium Tulsa
8%
Jim Wacker Field at UFCU Stadium Texas State
7%
Scheumann Stadium Ball State
6%
University Stadium New Mexico
6%
Veterans Memorial Stadium at Larry Blakeney Field Troy
5%
No matching quizzes found
Score Distribution
Percent of People with Each Score
Percentile by Number Answered
Your Score History
You have not taken this quiz